KOHA-Header-6

Tutankhamun the life and death of a Pharaoh (Record no. 12068)

000 -LEADER
fixed length control field 00315nam a22001337a 4500
020 ## - INTERNATIONAL STANDARD BOOK NUMBER
ISBN 0-7513-5805-3
082 ## - DEWEY DECIMAL CLASSIFICATION NUMBER
Classification number 932.014
100 ## - MAIN ENTRY--AUTHOR NAME
Personal name David Murdoch
245 ## - TITLE STATEMENT
Title Tutankhamun the life and death of a Pharaoh
260 ## - PUBLICATION, DISTRIBUTION, ETC. (IMPRINT)
Place of publication London
Name of publisher Dorling Kindersley
Year of publication 1998
300 ## - PHYSICAL DESCRIPTION
Number of Pages 47
650 ## - SUBJECT ADDED ENTRY--TOPICAL TERM
Topical Term History
942 ## - ADDED ENTRY ELEMENTS (KOHA)
Koha item type Books
Holdings
Withdrawn status Lost status Permanent Location Current Location Date acquired Full call number Accession Number Koha item type
    MAJU MAJU 2019-10-16 932.014 Av545 Books

Powered by Koha